| 000 | 00866cam a2200217 a 4500 | ||
|---|---|---|---|
| 020 | _a1564240517 | ||
| 082 | 0 | 0 |
_a624.1821 _bMAN _cN-01, P-108 |
| 245 | 0 | 0 |
_aLoad and resistance factor design : _bmanual of steel construction. |
| 250 | _a3rd ed. | ||
| 260 |
_a[Chicago] : _bAmerican Institute of Steel Construction, _cc2001 (2003 printing) |
||
| 300 |
_a1 v. (various pagings) : _bill. ; _c24 cm. + _e1 CD-ROM (4 3/4 in.) |
||
| 500 | _a"Second printing: January 2003 with revisions"--T.p. verso. | ||
| 500 | _aIncludes index. | ||
| 526 |
_a0 _b0 _c0 _d624_182100000000000_MAN |
||
| 650 | 0 |
_aBuilding, Iron and steel _xHandbooks, manuals, etc. _938841 |
|
| 650 | 0 |
_aLoad factor design. _922312 |
|
| 650 | 0 |
_aNUST _96342 |
|
| 650 | 0 |
_aStructural design _xHandbooks, manuals, etc. _945123 |
|
| 710 | 2 |
_aAmerican Institute of Steel Construction. _920072 |
|
| 942 |
_2ddc _cBK |
||
| 999 |
_c550619 _d550619 |
||